• 首页
  • 本馆介绍
  • 公告通知
  • 最新文献
  • 馆藏检索
  • 电子资源
  • 读者导购
  • 参考咨询
  • 我的图书馆
  • 登录
  • 详细信息显示
  • 放入我的书架
  • 预约/预借图书
  • 作者相关作品
  • 分类相关作品
  • 丛书相关作品
  • 出版社相关作品

书目信息

  • 表格格式
  • 工作单格式
  • 卡片格式
题名:
新能源汽车认识与使用
    
 
作者: 黄伟超 , 黄如才 , 陈建华 主编
分册:  
出版信息: 成都   电子科技大学出版社  2020.7
页数: 166页
开本: 29cm
丛书名:
单 册:
中图分类: U469.7
科图分类:
主题词: 新能源--汽车--教材
电子资源:
ISBN: 978-7-5647-7706-7
000 00892nam0 2200265 45
001 012001000859
005 20140912085616.0
010    @a978-7-5647-7706-7@dCNY42.00
100    @a20201127d2020 em y0chiy50 ea
101 0  @achi
102    @aCN@b510000
105    @aa z 000yy
106    @ar
200 1  @a新能源汽车认识与使用@Axin neng yuan qi che ren shi yu shi yong@f黄伟超,黄如才,陈建华主编
210    @a成都@c电子科技大学出版社@d2020.7
215    @a166页@c图@d29cm
300    @a创新型汽车专业精品教材
330    @a本书共分六个项目,内容包括:认识新能源汽车、纯电动汽车认知、混合动力汽车、燃料电池与其他能源动力汽车等。
606 0  @a新能源@x汽车@j教材
690    @aU469.7@v5
701  0 @a黄伟超@Ahuang wei chao@4主编
701  0 @a黄如才@Ahuang ru cai@4主编
701  0 @a陈建华@Achen jian hua@4主编
801  0 @aCN@bBJSDL@c20211011
905    @b1332300-3@dU469.7@e1025@f4
    
    新能源汽车认识与使用/黄伟超,黄如才,陈建华主编.-成都:电子科技大学出版社,2020.7
    166页:图;29cm
    创新型汽车专业精品教材
    
    ISBN 978-7-5647-7706-7:CNY42.00
    本书共分六个项目,内容包括:认识新能源汽车、纯电动汽车认知、混合动力汽车、燃料电池与其他能源动力汽车等。
●
相关链接 在E读中查询图书 在五车中查询图书 在当当中查询图书 在豆瓣中查询图书


正题名:新能源汽车认识与使用     索取号:U469.7/1025         预约/预借

序号 登录号 条形码 馆藏地/架位号 状态 备注
1 1332300   213323009   第二样本阅览室/ [索取号:U469.7/1025] 在馆    
2 1332301   213323018   第三借阅区/ [索取号:U469.7/1025] 在馆    
3 1332302   213323027   第三借阅区/ [索取号:U469.7/1025] 在馆    
4 1332303   213323036   第三借阅区/ [索取号:U469.7/1025] 在馆    
唐山师范学院图书馆 欢迎您!
大连网信软件有限公司© 版权所有